书目信息 |
| 题名: |
马克思恩格斯与自然科学
|
|
| 作者: | 童鹰 著 | |
| 分册: | ||
| 出版信息: | 北京 人民出版社 1982 |
|
| 页数: | 204页 | |
| 开本: | 19cm | |
| 丛书名: | ||
| 单 册: | ||
| 中图分类: | A811.693 | |
| 科图分类: | ||
| 主题词: | 马克思主义-自然科学 , 自然科学-马克思主义 | |
| 电子资源: | ||
| ISBN: | ||
| 000 | 00644nam0 2200241 45 | |
| 001 | 0182006081 | |
| 005 | 20060809165140.95 | |
| 010 | @dCNY0.49 | |
| 091 | @aCN@b2001.216 | |
| 100 | @a19950628d1982 kemy0chiy0121 ea | |
| 101 | 0 | @achi |
| 102 | @aCN@b110000 | |
| 105 | @ay z 000yy | |
| 200 | 10 | @a马克思恩格斯与自然科学@Ama ke si en ge si yu zi ran ke xue@f童鹰著 |
| 210 | @a北京@c人民出版社@d1982 | |
| 215 | @a204页@d19cm | |
| 606 | @a马克思主义-自然科学 | |
| 606 | @a自然科学-马克思主义 | |
| 690 | @aA811.693@v3 | |
| 701 | 0 | @a童鹰@Atong ying@4著 |
| 801 | 2 | @aCN@bNLC@c20060809 |
| 801 | 0 | @aCN@bTSSF |
| 905 | @a10447@dA811.693@e199 | |
| 马克思恩格斯与自然科学/童鹰著.-北京:人民出版社,1982 |
| 204页;19cm |
| ISBN :CNY0.49 |
| ● |
| 相关链接 |
|
|
|
|
正题名:马克思恩格斯与自然科学
索取号:A811.693/199
 
预约/预借
| 序号 | 登录号 | 条形码 | 馆藏地/架位号 | 状态 | 备注 |
| 1 | 0450127 | 204501271 | 密集书库/ [索取号:A811.693/199] | 在馆 |